000
00304nam a2200133Ia 4500
005
20251222154404.0
008
251222s9999||||xx |||||||||||||| ||spa||
020
_a
84-8280-333-6
082
_a
858.9/P31P/1984
100
_a
Pavese, Cesaré
245
0
_a
La Playa
264
_b
Oveja Negra
942
_c
LIB
999
_c
35388
_d
35388